Statistics for Marvel: Last Words Quiz

Click here to take the quiz!

General Stats

  • This quiz has been taken 92 times
    (82 since last reset)
  • The average score is 11 of 32

Answer Stats

Last WordsVictim% Correct
You didn't see that coming.Quicksilver
73%
Loki
63%
Just bury me in the ocean with my ancestors who jumped from ships, cause they knew death was better than bondage.Erik Killmonger
57%
I'm sorry I didn't do none of it right. I'm damn lucky you was my boy.Yondu Udonta
52%
You're mortal! How?!Ronan the Accuser
50%
Listen to me! You are a god! If you kill me, you will be just like everybody else!Ego the Living Planet
48%
You think you can stop this? The Aether cannot be destroyed.Malekith the Accursed
46%
I AM ASGARD'S DOOM!!Surtur
46%
You're unbearably naïve.Ultron
46%
It was always me, Tony, right from the start. I AM THE MANDARIN!Aldrich Killian
45%
Wakanda is proud to extend its hand in peace.T'Chaka
43%
Home.Odin
41%
Heimdall
36%
Sergeant Barnes?Howard Stark
36%
Hail... HYDRA...Alexander Pierce
34%
But look at me, stretching one moment out into a thousand, just so I can watch the snow.Ancient One
30%
We will only be the same when you lose everything.Ivan Vanko
30%
Sorry, sweetheart, you have to help daddy pay for his mistakes.Yellowjacket
30%
Gamora
29%
Now it's time for both of us to go.Obadiah Stane
29%
I'll never tell you.Frigga
27%
Take my hand.Meredith Quill
27%
For Asgard!Skurge
25%
And you're coming with me.Crossbones
21%
You will never make it to Ronan.Korath the Pursuer
21%
Go back to whatever cave you crept out of... you evil demoness...!Hogun
20%
Ah, and to think I saw you as a crazy American.Ulysses Klaue
20%
I will no longer be your slave!Carina
18%
What? Are you crazy? That is a terrible, terrible idea.Jasper Sitwell
18%
Who are you? What have you done with...?Volstagg
18%
I am the cause of your father's death. Not him. Take me.Zuri
18%
Speaking of which, go fish.Eric Savin
5%

Score Distribution

Percentile by Number Answered

Percent of People with Each Score

Your Score History

You have not taken this quiz since the last reset